000 01148nam a2200325 i 4500
999 _c65060
_d65060
001 768714001
003 CO-MdFUSB
005 20190606163400.0
008 190520t2000 mx da||| |||| 00| 0 spa d
020 _a9682461154
040 _aCO-MdFUSB
_bspa
_cCO-MdFUSB
_dCO-MdFUSBC
_erda
041 _aspa
082 _237
_a371.26
_bEV92
245 _aEvaluación del aprendizaje :
_balternativas y nuevos desarrollos.
_c/ Blanca Silvia López Frías ; Elsa María Hinojosa Kleen.
264 1 _aMéxico, D.F. :
_bTrillas,
_c[2000]
264 4 _c© 2000
300 _a176 páginas
_c; 24 cm
336 _2rdacontent
_atexto
_btxt
337 _2rdamedia
_asin mediación
_bn
338 _2rdacarrier
_avolumen
_bnc
504 _aIncluye bibliografía (páginas 173-176)
505 _aEvaluación del aprendizaje: definiciones y enfoque tradicional. -- Nuevos desarrollos en la evaluación del aprendizaje.
563 _aRústico.
650 0 _9984
_aEducación
653 _aEvaluación
700 _91932
_aLópez Frías, Blanca Silvia,
_eautor
700 _91933
_aHinojosa Kleen, Elsa María,
_eautor
942 _cBK
945 _aJTF-925
_bAEM-53